<?xml version="1.0" encoding="UTF-8"?>
<record
    xmlns:xsi="http://www.w3.org/2001/XMLSchema-instance"
    xsi:schemaLocation="http://www.loc.gov/MARC21/slim http://www.loc.gov/standards/marcxml/schema/MARC21slim.xsd"
    xmlns="http://www.loc.gov/MARC21/slim">

  <leader>00754nam a2200193 a 4500</leader>
  <controlfield tag="001">BRCA_2057</controlfield>
  <controlfield tag="005">20190320203643.0</controlfield>
  <controlfield tag="008">060808s2000----mx-a---###---#000-0#spa-#</controlfield>
  <datafield tag="050" ind1=" " ind2="4">
    <subfield code="a">N910.M42</subfield>
    <subfield code="b">.P53 2000</subfield>
  </datafield>
  <datafield tag="100" ind1="1" ind2=" ">
    <subfield code="a">Piazze Santiago, Laura Cecilia</subfield>
    <subfield code="9">6273</subfield>
  </datafield>
  <datafield tag="245" ind1="1" ind2="0">
    <subfield code="a">Las exposiciones temporales, el reto diario de los especialistas del Museo Franz Mayer.</subfield>
  </datafield>
  <datafield tag="260" ind1=" " ind2=" ">
    <subfield code="a">Ciudad de M&#xE9;xico</subfield>
    <subfield code="c">2000</subfield>
  </datafield>
  <datafield tag="300" ind1=" " ind2=" ">
    <subfield code="a">243 p.</subfield>
    <subfield code="b">il.</subfield>
  </datafield>
  <datafield tag="502" ind1=" " ind2=" ">
    <subfield code="a">Tesis Maestr&#xED;a (Maestra en Museolog&#xED;a) Escuela Nacional de Conservaci&#xF3;n, Restauraci&#xF3;n y Museograf&#xED;a &#xB4;Manuel del Castillo Negrete&#xB4;</subfield>
  </datafield>
  <datafield tag="610" ind1="2" ind2="4">
    <subfield code="a">Museo Franz Mayer (Ciudad de M&#xE9;xico)</subfield>
    <subfield code="v">Exposiciones temporales</subfield>
    <subfield code="9">6274</subfield>
  </datafield>
  <datafield tag="700" ind1="1" ind2=" ">
    <subfield code="a">V&#xE1;zquez Olvera, Carlos</subfield>
    <subfield code="e">asesor</subfield>
    <subfield code="9">577</subfield>
  </datafield>
  <datafield tag="902" ind1=" " ind2=" ">
    <subfield code="a">TES</subfield>
  </datafield>
  <datafield tag="942" ind1=" " ind2=" ">
    <subfield code="2">lcc</subfield>
    <subfield code="c">TES</subfield>
  </datafield>
  <datafield tag="999" ind1=" " ind2=" ">
    <subfield code="c">1821</subfield>
    <subfield code="d">1821</subfield>
  </datafield>
  <datafield tag="952" ind1=" " ind2=" ">
    <subfield code="0">0</subfield>
    <subfield code="1">0</subfield>
    <subfield code="4">0</subfield>
    <subfield code="7">0</subfield>
    <subfield code="a">BRCA</subfield>
    <subfield code="b">BRCA</subfield>
    <subfield code="d">2008-08-06</subfield>
    <subfield code="l">0</subfield>
    <subfield code="o">N910.M42 .P53 2000</subfield>
    <subfield code="p">TES00007</subfield>
    <subfield code="r">2019-03-22 00:00:00</subfield>
    <subfield code="w">2019-03-22</subfield>
    <subfield code="y">TES</subfield>
  </datafield>
</record>
